Malezas de huertos frutales y vides: biología y control. Guía de campo

保存先:
書誌詳細
第一著者: Ormeño Núñez, Juan (autor)
フォーマット: 図書
言語:スペイン語
出版事項: Santiago INIA La Platina 2005
版:1a. ed
シリーズ:Colección Libros INIA, 17
主題:
タグ: タグ追加
タグなし, このレコードへの初めてのタグを付けませんか!

MARC

LEADER 00000nam a2200000 a 4500
001 UCI8114
003 CL-VaPUC
008 080807e20050000CL |||||||||||||||||spa|d
020 |a 9567016224 
082 0 4 |a 632.5  |b ORM  |2 21 
100 |a Ormeño Núñez, Juan  |e autor  |9 531581 
245 1 0 |a Malezas de huertos frutales y vides: biología y control. Guía de campo 
250 |a 1a. ed 
300 |a 30 p 
942 |c BK 
945 |d 20080807 00:00:00  |a cmena 
260 |a Santiago  |b INIA La Platina  |c 2005 
500 |a Complementario con libro: Malezas de huertos frutales y vides: biología y control 
650 0 |a Malezas  |9 264171 
650 0 |a Huertos  |9 264866 
650 0 |a Control biológico   |9 338554 
650 0 |a Control de malezas  |9 259684 
650 0 |a Fruticultura  |9 259678 
583 |a last modification  |c 20080807 00:00:00  |k Rodrigo Vera 
490 0 |a Colección Libros INIA, 17 
999 |c 331162  |d 331160 
952 |0 0  |1 0  |4 0  |6 632_500000000000000_ORM_2005  |7 0  |8 A  |9 417331  |a BIBAGR  |b BIBAGR  |d 2019-11-22  |i 4470745  |l 1  |o 632.5 ORM 2005  |p 4470745  |r 2025-01-20  |s 2022-03-30  |w 2019-11-22  |y BK  |k AGR 
952 |0 0  |1 0  |4 0  |6 632_500000000000000_ORM_2005  |7 0  |8 A  |9 417332  |a BIBAGR  |b BIBAGR  |d 2019-11-22  |i 4470753  |l 1  |o 632.5 ORM 2005  |p 4470753  |r 2025-04-02  |s 2025-03-26  |w 2019-11-22  |y BK  |k AGR